Statistics for 日本の主な港

Click here to take the quiz!

General Stats

  • This quiz has been taken 124 times
  • The average score is 69 of 239

Answer Stats

都道府県港名% Correct
神奈川県横浜
99%
大阪府大阪
97%
兵庫県神戸
96%
東京都東京
95%
神奈川県川崎
89%
北海道函館
86%
北海道苫小牧
81%
新潟県新潟
79%
千葉県千葉
78%
北海道釧路
77%
愛知県名古屋
77%
北海道室蘭
77%
山口県下関
74%
北海道小樽
74%
三重県四日市
73%
神奈川県横須賀
73%
北海道稚内
72%
福岡県博多
70%
青森県青森
69%
宮城県石巻
68%
広島県広島
68%
岡山県岡山
66%
青森県八戸
66%
兵庫県姫路
64%
北海道根室
63%
秋田県秋田
63%
千葉県銚子
63%
福岡県北九州
62%
静岡県焼津
61%
北海道網走
60%
宮城県気仙沼
60%
岩手県宮古
59%
山口県宇部
58%
静岡県 | 高知県清水
58%
長崎県長崎
58%
鹿児島県鹿児島
58%
鳥取県
57%
石川県金沢
57%
山口県岩国
55%
広島県
55%
山形県酒田
54%
沖縄県那覇
52%
京都府舞鶴
52%
山口県
50%
鳥取県鳥取
50%
宮崎県宮崎
49%
長崎県佐世保
49%
大分県大分
49%
香川県高松
47%
高知県高知
47%
熊本県熊本
47%
愛媛県松山
46%
広島県福山
46%
石川県七尾
46%
福井県敦賀
45%
北海道留萌
45%
岩手県大船渡
45%
宮城県女川
45%
岩手県 | 茨城県久慈
45%
茨城県鹿島
44%
岩手県釜石
43%
神奈川県小田原
43%
富山県氷見
43%
新潟県直江津
42%
千葉県木更津
42%
北海道紋別
41%
島根県浜田
41%
大分県別府
41%
愛媛県今治
41%
福島県相馬
40%
鹿児島県枕崎
39%
秋田県能代
39%
鹿児島県川内
39%
佐賀県唐津
38%
高知県佐賀
38%
千葉県 | 和歌山県勝浦
38%
沖縄県石垣
37%
熊本県八代
37%
愛媛県宇和島
37%
鹿児島県志布志
36%
宮城県塩釜
35%
三重県尾鷲
35%
山口県小野田
34%
愛媛県八幡浜
33%
神奈川県三崎
33%
大分県中津
32%
愛媛県新居浜
32%
愛媛県深浦
32%
和歌山県串本
30%
福島県小名浜
30%
岡山県水島
30%
千葉県鴨川
30%
大分県佐伯
30%
富山県新湊
29%
和歌山県田辺
29%
香川県坂出
29%
静岡県御前崎
28%
新潟県両津
26%
青森県三沢
24%
高知県須崎
24%
茨城県大津
24%
青森県鰺ヶ沢
22%
北海道福島
22%
大分県津久見
22%
愛知県三河
22%
兵庫県浜坂
21%
長崎県福江
20%
北海道十勝
20%
佐賀県伊万里
20%
北海道厚岸
20%
福井県小浜
19%
和歌山県日高
19%
岩手県山田
19%
鹿児島県名瀬
19%
熊本県三角
18%
大分県松浦
18%
茨城県那珂湊
17%
岡山県宇野
17%
宮崎県油津
16%
沖縄県平良
16%
兵庫県香住
16%
兵庫県垂水
16%
北海道登別
15%
高知県宇佐
15%
茨城県茨城
14%
鹿児島県串木野
14%
山口県仙崎
13%
沖縄県糸満
13%
北海道寿都
12%
鹿児島県西之表
12%
福岡県苅田
12%
熊本県牛深
12%
愛媛県東予
11%
千葉県大原
11%
徳島県牟岐
11%
宮城県仙台塩釜
11%
富山県伏木富山
10%
新潟県小木
10%
北海道様似
10%
宮崎県細島
10%
佐賀県呼子
9%
千葉県千倉
9%
長崎県厳原
9%
静岡県田子の浦
9%
長崎県郷ノ浦
8%
秋田県船川
8%
北海道石狩湾新
8%
鹿児島県山川
8%
大阪府阪南
8%
和歌山県和歌浦
8%
千葉県小湊
8%
福岡県三池
7%
青森県大畑
7%
島根県西郷
7%
鹿児島県阿久根
7%
岩手県大槌
7%
愛知県衣浦
7%
島根県三隅
6%
静岡県舞阪
6%
青森県むつ小川原
6%
大阪府堺泉北
6%
北海道古平
6%
徳島県
5%
静岡県 | 鳥取県網代
5%
愛媛県三島川之江
5%
沖縄県運天
5%
島根県大社
5%
千葉県天津
4%
愛知県豊浜
4%
北海道苫前
4%
高知県宿毛湾
4%
北海道三石
4%
茨城県波崎
4%
徳島県徳島小松島
4%
三重県
4%
島根県恵曇
3%
宮崎県門川
3%
山口県徳山下松
3%
三重県津松阪
3%
広島県草津
3%
沖縄県中城湾
3%
石川県橋立
3%
北海道美国
3%
兵庫県尼崎西宮芦屋
3%
沖縄県金武湾
3%
新潟県能生
3%
広島県尾道糸崎
3%
山口県三田尻中関
3%
北海道砂原
3%
北海道落石
2%
北海道熊石
2%
北海道久遠
2%
宮崎県目井津
2%
宮崎県土々呂
2%
北海道江良
2%
長崎県奈留
2%
和歌山県和歌山下津
2%
愛知県形原
2%
宮城県渡波
2%
千葉県船形
2%
静岡県用宗
2%
石川県蛸島
2%
兵庫県東播磨
2%
高知県室戸岬
2%
秋田県椿
2%
福島県請戸
1%
福島県松川浦
1%
三重県安乗
1%
三重県波切
1%
鹿児島県薄井
1%
愛知県三谷
1%
北海道青苗
1%
宮崎県島野浦
1%
佐賀県高串
1%
大分県蒲江
1%
北海道追直
1%
愛媛県中浦
1%
長崎県館浦
1%
茨城県平潟
1%
長崎県奈良尾
1%
長崎県芦辺
1%
北海道臼尻
1%

Score Distribution

Percentile by Number Answered

Percent of People with Each Score

Your Score History

You have not taken this quiz